Ramla : city of Muslim Palestine, 715-1917 : studies in history, archaeology and architecture /
This book presents a comprehensive overview of the history, archaeology and architecture of the city of Ramla from the time of its foundation as the capital of Umayyad Palestine around 715 until the end of Ottoman rule in 1917.
مؤلفون آخرون: ,
التنسيق: كتاب الكتروني
اللغة: English
منشور في:
Oxford :
Archaeopress Archaeology,
2021.
الموضوعات:
الوصول للمادة أونلاين: Login to view Source
الوسوم: إضافة وسم
رقم الطلب: DS110.R36
| LEADER | 02018nam a2200433 i 4500 | ||
|---|---|---|---|
| 001 | EDZ0002614680 | ||
| 003 | StDuBDS | ||
| 005 | 20230412182941.0 | ||
| 006 | m|||||o||d|||||||| | ||
| 007 | cr ||||||||||| | ||
| 008 | 210628s2021 enka fob 000|0|eng|d | ||
| 020 | |a 9781789697773 (PDF ebook) : |c No price | ||
| 040 | |a StDuBDS |b eng |c StDuBDS |e rda |e pn | ||
| 050 | 4 | |a DS110.R36 | |
| 082 | 0 | 4 | |a 956.947 |2 23 |
| 245 | 0 | 0 | |a Ramla : |b city of Muslim Palestine, 715-1917 : studies in history, archaeology and architecture / |c edited by Andrew Petersen and Denys Pringle ; with contributions by Maher Y. Abu-Munshar [and eleven others]. |
| 264 | 1 | |a Oxford : |b Archaeopress Archaeology, |c 2021. | |
| 300 | |a 1 online resource (332 pages) : |b illustrations (black and white) | ||
| 336 | |a text |2 rdacontent | ||
| 336 | |a still image |2 rdacontent | ||
| 337 | |a computer |2 rdamedia | ||
| 338 | |a online resource |2 rdacarrier | ||
| 500 | |a Also issued in print: 2021. | ||
| 504 | |a Includes bibliographical references. | ||
| 520 | 8 | |a This book presents a comprehensive overview of the history, archaeology and architecture of the city of Ramla from the time of its foundation as the capital of Umayyad Palestine around 715 until the end of Ottoman rule in 1917. | |
| 521 | |a Specialized. | ||
| 588 | |a Description based on online resource; title from PDF title page (viewed on September 13, 2021). | ||
| 650 | 0 | |a Ramlah (Israel) |x History. | |
| 651 | 0 | |a Ramlah (Israel) |x Antiquities. | |
| 650 | 0 | |a Excavations (Archaeology) |z Israel |z Ramlah. | |
| 650 | 0 | |a Islamic architecture |z Israel |z Ramlah. | |
| 651 | 0 | |a Palestine |x History |y 638-1917. | |
| 700 | 1 | |a Petersen, Andrew, |e editor. | |
| 700 | 1 | |a Pringle, Denys, |e editor. | |
| 776 | 0 | 8 | |i Print version : |z 9781789697766 |
| 856 | 4 | 0 | |3 Archaeopress |u http://library.arce.org:8087/Archaeopress/Products/9781789697766 |
| 942 | |2 lcc |c EBOOK | ||
| 952 | |0 0 |1 0 |4 0 |6 DS0110 R36 |7 1 |9 46767 |a ARCH |b ARCH |d 2023-04-12 |l 0 |o DS110.R36 |r 2023-04-12 00:00:00 |w 2023-04-12 |y EBOOK | ||
| 999 | |c 52425 |d 52425 | ||
